Sistema multimedio para el refuerzo de la matemática para el primer ciclo de educación básica (Registro nro. 22326)

Detalles MARC
000 -CABECERA
Longitud fija campo de control 01142nam a22002297a 4500
003 - IDENTIFICADOR DELl NÚMERO DE CONTROL
Identificador del número de control OSt
005 - FECHA Y HORA DE LA ÚLTIMA TRANSACCIÓN
Fecha y hora de la última transacción 20170608093048.0
008 - CÓDIGOS DE INFORMACIÓN DE LONGITUD FIJA
Códigos de información de longitud fija 150409b2008 slv spa
040 ## - FUENTE DE LA CATALOGACIÓN
Centro transcriptor BMC
082 ## - NÚMERO DE LA CLASIFICACIÓN DECIMAL DEWEY
Númeroo de clasificación 621.398
100 1# - PUNTO DE ACCESO PRINCIPAL-NOMBRE DE PERSONA
9 (RLIN) 36091
Nombre de persona Posada Martínez, Carla Margarita
245 10 - MENCIÓN DE TÍTULO
Título Sistema multimedio para el refuerzo de la matemática para el primer ciclo de educación básica
Resto del título : Informe final de proyecto
Mención de responsabilidad, etc. Carla Margarita Posada Martínez, Lucía Janeth Rugamas Córdova
260 ## - PUBLICACIÓN, DISTRIBUCIÓN, ETC. (PIE DE IMPRENTA)
Lugar de publicación, distribución, etc. Santa Ana (El Salvador)
Nombre del editor, distribuidor, etc. Universidad Católica de El Salvador
Fecha de publicación, distribución, etc. 2008
300 ## - DESCRIPCIÓN FÍSICA
Extensión 141 h.
Otras características físicas il. col
Dimensiones 28 cm
Material anejo + 1 disco compacto
500 ## - NOTA GENERAL
Nota general Precede al tít.: Universidad Católica de El Salvador, Facultad de Ingeniería y Arquitectura
500 ## - NOTA GENERAL
Nota general CD No. 1033789 (v. 1) primer grado, <br/>CD No.1033790 (v. 2) segundo grado, <br/>CD No. 1033791 (v. 3) tercer grado
502 ## - NOTA DE TESIS
Nota de tesis Para optar al título de Ingeniera en Sistemas Informáticos
650 24 - PUNTO DE ACCESO ADICIONAL DE MATERIA - T&Eacute;RMINO DE MATERIA
9 (RLIN) 8508
Término de materia o nombre geográfico como elemento inicial Diseño de sistemas
700 1# - PUNTO DE ACCESO ADICIONAL - NOMBRE DE PERSONA
9 (RLIN) 36092
Nombre de persona Rugamas Córdova, Lucía Janeth
710 2# - PUNTO DE ACCESO ADICIONAL - NOMBRE DE ENTIDAD
9 (RLIN) 1166
Nombre de entidad o nombre de jurisdicci&oacute;n como elemento inicial Universidad Católica de El Salvador
Unidad subordinada Facultad de Ingeniería y Arquitectura
942 ## - ENTRADA DE ELEMENTOS AGREGADOS (KOHA)
Fuente de clasificai&oacute;n o esquema Dewey Decimal Classification
Koha [por defecto] tipo de item 4- Trabajo de Graduación
Existencias
Suprimido Perdido Fuente de clasificaci&oacute;n o esquema Estropeado Restricciones de uso No para pr&eacute;stamo C&oacute;digo de colecci&oacute;n Localizaci&oacute;n permanente Localizaci&oacute;n actual Localizaci&oacute;n en estanter&&iacute;acute;as Fecha adquisici&oacute;n Fuente de adquisici&oacute;n N&uacute;mero de inventario Pr&eacute;stamos totales Signatura completa C&oacute;digo de barras Fecha &uacute;ltima consulta Fecha del precio de reemplazo Tipo de item de Koha
NULL NULL Dewey Decimal Classification NULL Prestable NULL NULL Biblioteca Miguel de Cervantes - UNICAES Biblioteca Miguel de Cervantes - UNICAES Sala Principal 12/09/2015 Donación - Carla Margarita Posada Martínez, Lucía Janeth Rugamas Cordova 001556   P-001556 (v. 1) 1033789 12/09/2015 12/09/2015 4- Trabajo de Graduación
NULL NULL Dewey Decimal Classification NULL Prestable NULL NULL Biblioteca Miguel de Cervantes - UNICAES Biblioteca Miguel de Cervantes - UNICAES Sala Principal 12/09/2015 Donación - Carla Margarita Posada Martínez, Lucía Janeth Rugamas Cordova 001557   P-001557 (v. 2) 1033790 12/09/2015 12/09/2015 4- Trabajo de Graduación
NULL NULL Dewey Decimal Classification NULL Prestable NULL NULL Biblioteca Miguel de Cervantes - UNICAES Biblioteca Miguel de Cervantes - UNICAES Sala Principal 12/09/2015 Donación - Carla Margarita Posada Martínez, Lucía Janeth Rugamas Cordova 001558   P-001558 (v. 3) 1033791 12/09/2015 12/09/2015 4- Trabajo de Graduación